| 000 | 00673nam a2200229Ia 4500 | ||
|---|---|---|---|
| 008 | 160319s9999 xx 000 0 und d | ||
| 020 | _a971-08-6397-5 | ||
| 050 | _aFIL HA 29 | ||
| 050 | _b.C67 2004 c.3 | ||
| 100 | _aCoronel, Gregorio G. | ||
| 245 | _aStatistics for university students : | ||
| 245 | _ba comprehensive approach / | ||
| 245 | _cGregorio G. Coronel, Rafael I. Balignasay, Jr., Danilo B. Aguirre. | ||
| 260 | _aMandaluyong: | ||
| 260 | _bNational Book Store, | ||
| 260 | _c2004 | ||
| 300 | _a184 pages : | ||
| 300 | _billustrations ; | ||
| 300 | _c25 cm. | ||
| 500 | _aIncludes bibliographical references and index. | ||
| 650 | _aStatistics. | ||
| 999 |
_c291860 _d291860 |
||